| 000 | 00436nam a2200181Ia 4500 | ||
|---|---|---|---|
| 008 | 240925s9999 xx 000 0 und d | ||
| 020 | _aNA | ||
| 082 | _a332 NOT | ||
| 100 | _aNot - Available | ||
| 245 | 3 | _aAn Introduction to money + Banking | |
| 250 | _aNA | ||
| 260 |
_aLondon: _bPrentice, Hall _cNA |
||
| 300 |
_a0 _bNA _fNA |
||
| 500 | _aIncludes Index | ||
| 600 | _aSocial Sciences | ||
| 650 | _aSocial Sciences | ||
| 942 | _cBK | ||
| 999 |
_c4113 _d4113 |
||